UNIX system V release 4: the complete reference /

Salvato in:
Dettagli Bibliografici
Autore principale: Coffin, Stephen (Autore)
Natura: Libro
Lingua:inglese
Pubblicazione: Osborne : McGraw-Hill, 1990
Soggetti:
Tags: Aggiungi Tag
Nessun Tag, puoi essere il primo ad aggiungerne!!

MARC

LEADER 00000nam a22000003a 4500
001 stu2966
005 20201005123559.4
008 930122s1990----xxu-----------------eng-d
020 |a 0-07-881653-X 
040 |a STU  |b slo 
041 0 |a eng 
044 |a xxu 
080 |a 681.32.06 
080 |a UNIX 
080 |a 519.68 
100 1 |a Coffin, Stephen  |4 aut 
245 1 |a UNIX system V release 4: the complete reference /  |c [aut.] Coffin,Stephen 
260 |a Osborne :  |b McGraw-Hill,  |c 1990 
300 |a 905 s 
650 7 |a programové systémy  |2 stusub 
650 7 |a počítačové programy  |2 stusub 
996 |b I4730  |c I*4730  |l II680  |s A  |a 24  |w stu2966_0001